00772 2200265 4500001002100000005001700021008004100038020002200079035002500101040001200126082002300138084002300161090002300184100001100207245006700218260002700285300003400312500005600346504002900402650001200431700001200443700001800455850001200473990002100485INLIS00000000000109620141209143221.0  a978-979-29-2301-8 a0010-121400000000178 aYOPDYOG aDEP 330.0151 Dar M aDEP 330.0151 Dar M aDEP 330.0151 Dar M aDARWIN aMatematika keuanganc/ Darwin, Damanik ; editor, Arie Pramesta aYogyakartabAndic2013 ax, 310 hlm.b: ilus. ;c23 cm aDiterbitkan atas kerjasama dengan politeknik negeri aBibliografi : hlm. [307] aEkonomi aDamanik aArie Pramesta aYOPDYOG aCB-D.112013-1075